Physical chemistry / (Record no. 8356)
[ view plain ]
| 000 -LEADER | |
|---|---|
| fixed length control field | 00792nam a2200301 a 4500 |
| 001 - CONTROL NUMBER | |
| JCCL Control Number | 8356 |
| 003 - CONTROL NUMBER IDENTIFIER | |
| JCCL marc code | BD-JhCC |
| 005 - DATE AND TIME OF LATEST TRANSACTION | |
| control field | 20231030074140.0 |
| 008 - FIXED-LENGTH DATA ELEMENTS--GENERAL INFORMATION | |
| fixed length control field | 180222s1973 nyua b 001 0 engdd |
| 020 ## - INTERNATIONAL STANDARD BOOK NUMBER | |
| International Standard Book Number | 0070038236 |
| 035 ## - SYSTEM CONTROL NUMBER | |
| system control number | (D-JhCC)8356 |
| 035 ## - SYSTEM CONTROL NUMBER | |
| system control number | (OCoLC)00482470 |
| 035 ## - SYSTEM CONTROL NUMBER | |
| system control number | GLIS00000748 |
| 040 ## - CATALOGING SOURCE | |
| Original cataloging agency | BD-JhCC |
| Modifying agency | BD-JhCC |
| 041 ## - LANGUAGE CODE | |
| Language code of Book | eng |
| 050 0# - LIBRARY OF CONGRESS CALL NUMBER | |
| Classification number | QD453.2 |
| Item number | .B37 1973 |
| 082 ## - DEWEY DECIMAL CLASSIFICATION NUMBER | |
| Author mark and Year | BAR 1961 |
| 099 ## - LOCAL FREE-TEXT CALL NUMBER | |
| Classification number | QD453.2.B37 1973 |
| 100 1# - MAIN ENTRY--PERSONAL NAME | |
| Personal name | Barrow, Gordon M. |
| 245 10 - TITLE STATEMENT | |
| Title | Physical chemistry / |
| Statement of responsibility, etc | Gordon M. Barrow. |
| 250 ## - EDITION STATEMENT | |
| Edition statement | 3d ed. |
| 260 ## - PUBLICATION, DISTRIBUTION, ETC. (IMPRINT) | |
| Place of publication, distribution, etc | New York, |
| Name of publisher, distributor, etc | McGraw-Hill |
| Date of publication, distribution, etc | [1973] |
| 300 ## - PHYSICAL DESCRIPTION | |
| Pagination | xvi, 694 p. |
| Other physical details | illus. |
| Dimensions | 24 cm. |
| 504 ## - BIBLIOGRAPHY, ETC. NOTE | |
| Bibliography, etc | Includes bibliographical references. |
| 650 #0 - SUBJECT ADDED ENTRY--TOPICAL TERM | |
| Topical term or geographic name as entry element | Chemistry, Physical and theoretical. |
| 942 ## - ADDED ENTRY ELEMENTS (KOHA) | |
| Source of classification or shelving scheme | Dewey Decimal Classification |
| Koha item type | Books |
| Source of classification or shelving scheme | Damaged status | Not for loan | Home library | Current library | Shelving location | Date of accession | Total Checkouts | Full call number | Barcode | Date last seen | Date checked out | Copy number | Method of acquisition | Koha item type | Currency |
|---|---|---|---|---|---|---|---|---|---|---|---|---|---|---|---|
| Dewey Decimal Classification | JCC Rouf Library | JCC Rouf Library | General Stacks | 02/22/2018 | 1 | 541.3 BAR 1961 | 10878 | 12/14/2023 | 11/29/2023 | C-1 | Purchase | Books | BDT |